000 00762nam a2200241Ia 4500
003 OSt
005 20221006142711.0
006 a|||||r|||| 00| 0
007 ta
008 221006b |||||||| |||| 00| 0 eng d
020 _c
_3.25
024 _a6,982
037 _bGift, Japan Foundation
_cTextual
040 _aEASL
_cEASL
_beng
041 _2eng
_aeng
082 _aP42:(Y:1), L7
100 _aMILLER Roy Andrew
_9648216
245 0 _aJapanese language in contemporary Japan
_b Some sociolinguistic observations
260 _aWashington
_bAmerican Enterprise Institute for Public Policy Research
_c1977
300 _a106p.
_ccm.
942 _hP42:(Y:1), L7
_cTEXL
_2CC
999 _c1075068
_d1075068